Statistics for Countries By Pictures

Click here to take the quiz!

General Stats

  • This quiz has been taken 28 times
  • The average score is 7 of 12

Answer Stats

Answer% Correct
Australia
100%
Russia
100%
USA
89%
Switzerland
85%
Ireland
74%
Tanzania
67%
Singapore
63%
South Africa
41%
New Zealand
37%
Chile
30%
Italy
15%
Bahamas
11%

Score Distribution

Percentile by Number Answered

Percent of People with Each Score

Your Score History

You have not taken this quiz